000 01531nam a22004817a 4500
001 20667662
003 OSt
005 20241205130840.0
008 180912s2019 paua b 001 0 eng
010 _a 2018043829
020 _a9781496394637
_q(hardback)
035 _a(DNLM)101733915
040 _aDNLM/DLC
_beng
_erda
_cDLC
_dDLC
041 _aeng
042 _apcc
050 0 0 _aRC261
_b.C274 2019
060 1 0 _aQZ 200
080 _a616-006
_bD-49
082 0 0 _a616.99/4
_223
100 _9295
_aDeVita, T. Vincent Jr.
245 0 0 _aDeVita, Hellman, and Rosenberg's cancer :
_bprinciples & practice of oncology /
246 1 _aCancer
250 _a11th edition.
260 _aPhiladelphia :
_bWolters Kluwer,
_c[2019]
300 _axli, 2390 pages :
_billustrations (chiefly color) ;
_c29 cm
336 _atext
_btxt
_2rdacontent
337 _aunmediated
_bn
_2rdamedia
338 _avolume
_bnc
_2rdacarrier
365 _b195 usd
504 _aIncludes bibliographical references.
650 1 2 _aNeoplasms
650 1 0 _aOncology
_9296
650 1 0 _aMedicine
_969
653 _aონკოლოგია
653 _aმედიცინა
653 _aნეოპლაზმები
700 1 _aDeVita, Vincent T.,
_cJr.,
_d1935-
_eeditor.
700 1 _aLawrence, Theodore S.,
_eeditor.
700 1 _aRosenberg, Steven A.,
_eeditor.
906 _a7
_bcbc
_corignew
_d1
_eecip
_f20
_gy-gencatlg
942 _2udc
_cBK
_e11
999 _c397
_d397